Výskum beztavivového spájkovania kovokeramického kompozitu

Gespeichert in:
Bibliographische Detailangaben
1. Verfasser: Kostolný, Igor, 1988- (Verfasst von)
Weitere Verfasser: Koleňák, Roman, 1973- (Betreuung Doktorarbeit)
Format: Manuskript Buch
Sprache:Slowakisch
Veröffentlicht: 2017
Schlagworte:
Online-Zugang:http://is.stuba.sk/zp/portal_zp.pl?podrobnosti=132573
Tags: Tag hinzufügen
Keine Tags, Fügen Sie das erste Tag hinzu!

MARC

LEADER 00000ntm a22000003a 4500
001 stuzp57062
003 SK-STU
005 20180910085805.6
007 ta
008 150427s2015----xo-----f-mn---000-0-slo-d
040 |a STU  |b slo 
041 0 |a slo 
044 |a xo 
100 1 |a Kostolný, Igor,  |d 1988-  |u 063000  |k Z2  |4 aut  |9 100  |U MTF Materiálovotechnologická fakulta  |T MTF Ústav výrobných technológií  |X 48661  |U M3000  |Y 83  |7 A000048661 
242 0 1 |a Research of flux less soldering of metal matrix composite  |y eng 
245 1 0 |a Výskum beztavivového spájkovania kovokeramického kompozitu 
260 |c 2017 
300 |a 135  |e príloha 
650 4 |a kovokeramický kompozit  |2 slo 
650 4 |a spájky na báze Zn  |2 slo 
650 4 |a štruktúra spájkovacích zliatin a spájkovaných spojov  |2 slo 
650 4 |a pevnosť spájok a spájkovaných spojov  |2 slo 
650 4 |a beztavivové spájkovanie  |2 slo 
650 4 |a interakcia na rozhraní  |2 slo 
650 4 |a metal matrix composite  |2 eng 
650 4 |a Zn based solders  |2 eng 
650 4 |a structure of solder alloys and solder joints  |2 eng 
650 4 |a interaction on boundary  |2 eng 
650 4 |a strength of solders and solder joints  |2 eng 
650 4 |a flux-less soldering  |2 eng 
700 1 |a Koleňák, Roman,  |d 1973-  |u 063700  |k Z1  |4 ths  |U MTF Ústav výrobných technológií  |T MTF Katedra zvárania a zlievarenstva  |X 2767  |U M3700  |Y 842  |7 A000002767 
856 4 |u http://is.stuba.sk/zp/portal_zp.pl?podrobnosti=132573 
996 |b .  |c M* DzP-609  |l MMSKP  |s P  |a 0  |w stuzp57062_0001